Top 30 : PLK - Statistiques

Statistiques générales
  • Ce quiz a été pris 680 fois
  • Le résultat moyen est 15 sur 30
Statistiques - réponses
Top Titres Featuring % Correct
3 Pilote Hamza
86%
10 Jamais Mister V
84%
4 Petrouchka Soso Maness
81%
2 Attentat OBOY
79%
9 Faut pas Jul
78%
1 Émotif (Booska 1H)
73%
5 Un peu de haine
68%
26 Tout recommencer Tessa B.
67%
6 Problèmes
60%
13 Ça mène à rien Gazo
59%
7 Nouvelles
59%
11 Le classico organisé Koba LaD, Gazo, SCH, Jul, Naps, Guy2Bezbar, Kofs, Soso Maness, Le classico organisé
55%
17 Copine
54%
18 On sait jamais Niska
53%
12 Confidences Vacra
52%
8 Demain
52%
14 Monégasque
52%
21 Escorte Werenoi
44%
23 Chandon et Moët Heuss L'enfoiré
43%
16 Train de vie Leto
43%
15 Dingue
42%
20 Il pleut à Paris
42%
29 Toute l'année Timal
35%
25 4MOTION Maes
33%
28 Hola
31%
30 A la base
25%
19 R.A.F
16%
22 C'est mort
15%
24 Pelo
15%
27 Bénef
14%
Aucun quiz correspondant
Distribution des résultats
% des personnes avec chaque résultat
Percentile par nombre de réponses
Votre historique - résultats
Vous n’avez pas pris ce quiz